000 00526ntaaa2200205 4500
003 01
005 20251027202021.0
008 0714s1973 ag 01
040 _aAR-BaBN
_bspa
_cAR-BaBN
_eaacr
_dRIC
082 _a248.4200 L36
100 _aLaubach, Frank C
_99014
245 _aChannels of spiritual power
250 _a1 ed.
260 _aWestwood :
_bFleming H Revell Company,
_cc1954
300 _a186 p
500 _aCanales de poder espiritual
650 _avida cristiana
650 _aoración
_91331
942 _cBK
999 _c14936
_d14936